Entry Toplantı Adı
001 - KONTROL NUMARASI
- Kontrol alanı: 41704
003 - KONTROL NUMARASI KİMLİĞİ
- Kontrol alanı: TR-BiSEU
005 - SON İŞLEM TARİHİ VE ZAMANI
- Kontrol alanı: 20260207002158.0
008 - SABİT UZUNLUKTAKİ VERİ ÖGELERİ - GENEL BİLGİ
- Sabit uzunlukta kontrol alanı: 260207|| aca||aabn | a|a d
040 ## - KATALOGLAMA KAYNAĞI
- Özgün kataloglama kurumu: TR-BiSEU
- Çeviri kurumu: TR-BiSEU
111 ## - KONU BAŞLIKLARI - TOPLANTI ADI
- Toplantı adı: Köy Enstitülerinden Kent Enstitülerine Eğitim Sorunları Kurultayı (2. : 2002 : İstanbul)
670 ## - BİLGİNİN KAYNAĞI
- Bilginin alındığı kaynak: KOHA: (TR-BiSEU)17895: Köy Enstitülerinden Kent Enstitülerine Eğitim Sorunları Kurultayı (2. : 2002 : İstanbul), Köy Enstitülerinden kent enstitülerine eğitim soranları kurultayı - II :
